000 00746nam a2200217 a 4500
001 0714
005 20140414132144.0
008 040927s19uu xx 00 eng d
020 _a978-0-439-04594-0
050 _aKIT (LCER) 731.832
_bC16 1999
100 _aCanizares, Susan
245 _aAnimal sculpture /
_cSusan Canizares, Pamela Chanko.
260 _aNew York :
_bScholastic,
_c1999.
300 _a1 v. (unp.) : ill. ; cm.
440 _aLearning center emergent readers
520 _aPresents different animal sculptures and their materials, including a rock fish, metal horse, and wooden pig.
650 _aSculpture
_xJuvenile literature.
650 _aAnimal in art
_xJuvenile literature.
999 _c115390
_d115390